Mitski Class of 2013 lyrics - Statistics

General Stats
  • This quiz has been taken 176 times
  • The average score is 76 of 88
Answer Stats
Answer % Correct
i
99%
i
99%
i
99%
i
99%
i
99%
you
99%
mom
98%
mom
98%
mom
98%
mom
98%
mom
98%
a
97%
a
97%
can
96%
can
96%
can
96%
i'm
95%
i'm
95%
sleep
94%
sleep
94%
tired
94%
the
93%
to
93%
to
93%
to
93%
your
93%
and
92%
and
92%
and
92%
for
92%
for
92%
for
92%
for
92%
my
92%
my
92%
back
91%
in
91%
wash
91%
house
90%
once
90%
once
90%
be
89%
be
89%
it
89%
it
89%
this
89%
tonight
89%
we
88%
i'll
87%
i'll
87%
i'll
87%
then
85%
then
85%
forget
84%
quiet
83%
stay
83%
at
82%
just
82%
or
82%
other
82%
would
82%
would
82%
girls
81%
two
81%
if
79%
is
79%
leave
79%
leave
79%
year
79%
alright
78%
night
78%
what
77%
chasing
76%
am
74%
pursue
73%
still
72%
young
72%
figure
71%
how
70%
out
70%
too
70%
few
69%
life
69%
own
69%
months
68%
more
68%
pay
67%
dream
65%
No matching quizzes found
Score Distribution
Percent of People with Each Score
Percentile by Number Answered
Your Score History
You have not taken this quiz